000 00639cam a2200205 4500500
005 20260329003918.0
041 _afre
042 _adc
100 1 0 _aLacroix, Alexandre
_eauthor
245 0 0 _aAlain Finkielkraut, Frédéric Gros. De vrais insoumis
260 _c2017.
500 _a82
690 _aAlain Finkielkraut
690 _aAutorité
690 _aDésobéissance
690 _aFrédéric Gros
690 _aObéissance
786 0 _nPhilosophie magazine | 112 | 9 | 2017-09-01 | p. 27-28 | 1951-1787
856 4 1 _uhttps://shs.cairn.info/magazine-philosophie-magazine-2017-9-page-27?lang=fr&redirect-ssocas=7080
999 _c1828913
_d1828913